| 000 | 00325nam a22001337a 4500 | ||
|---|---|---|---|
| 020 | _a9780070587403 | ||
| 082 |
_222 _a621.136 |
||
| 100 | _aGambhir, M. L. | ||
| 245 | _aConcrete technology / | ||
| 250 | _a2 nd. | ||
| 260 |
_aNew Delhi, _bTata McGrew Hill, _cc2008. |
||
| 300 |
_aix,658 p. ; _bill. ; _c22 cm. |
||
| 942 |
_2ddc _cCIVIL |
||
| 999 |
_c752 _d752 |
||